00755nam a2200205 a 4500001001000000003000900010005001700019007000300036008004100039040002500080082002400105100003600129245008700165246005200252260004100304300002900345500007300374505005200447651005000499000026245DO-SdBNP20251128091534.0ta110307s1974 dr 000 0 spa d aDO-SdBNPbspacBNPHU 4a972.9304bM491f2221 aMedina Benet, Víctor Md1907-1 aFracaso de la tercera república :blos responsables /cVíctor M. Medina Benet.04aFracaso de la 3ª república: los responsables aSanto Domingo :bArte y Cine,c1974. a478 p. ;bil., ;c22 cm. aIncluye referencias bibliográficas y notas al pie de las páginas aNarraciones de historias dominicanas, 1924-1930 0aRepública Dominicana xHistoria y1844-1930